Senegal WC 2022 Squad - Statistics

General Stats
  • This quiz has been taken 13 times
  • The average score is 12 of 26
Answer Stats
Hint # Answer % Correct
Chelsea 16 Edouard Mendy
91%
Amiens 2 Formose Mendy
91%
Chelsea 3 Kalidou Koulibaly
91%
Leicester City 6 Nampalys Mendy
91%
Salernitana 9 Boulaye Dia
82%
Everton 5 Idrissa Gueye
82%
Marseille 26 Pape Gueye
82%
Watford 18 Ismaila Sarr
73%
Spurs 17 Pape Matar Sarr
73%
Villarreal 7 Nicolas Jackson
64%
Milan 12 Fode Ballo-Toure
55%
Monaco 15 Krepin Diatta
55%
Leipzig 22 Abdou Diallo
36%
Nottingham 8 Cheikhou Kouyate
36%
Real Betis 21 Youssouf Sabaly
36%
Marseille 20 Bamba Dieng
27%
QPR 1 Seny Dieng
27%
Stade Rennais 23 Alfred Gomis
18%
Sheffield Utd 13 Iliman Ndiaye
18%
Monaco 14 Ismail Jakobs
18%
Anderlecht 10 Moussa N'Diaye
18%
Olympiacos 4 Pape Abou Cisse
18%
Rayo Vallecano 11 Pathe Ciss
18%
Alanyaspor 19 Famara Diedhiou
9%
Reading 25 Mamadou Loum
0%
Pafos 24 Moustapha Name
0%
No matching quizzes found
Score Distribution
Percent of People with Each Score
Percentile by Number Answered
Your Score History
You have not taken this quiz